Les 10 villes les plus peuplées de l'Aude (11) - Statistiques

Statistiques générales
  • Ce quiz a été pris 41 fois
  • Le résultat moyen est 6 sur 10
Statistiques - réponses
Population Communes % Correct
46 400 Carcassonne
97%
56 700 Narbonne
97%
10 300 Limoux
74%
12 200 Castelnaudary
67%
5 100 Gruissan
54%
10 900 Lézignan-Corbières
46%
5 900 Port-la-Nouvelle
46%
5 600 Sigean
46%
5 400 Trèbes
38%
5 800 Coursan
36%
Aucun quiz correspondant
Distribution des résultats
% des personnes avec chaque résultat
Percentile par nombre de réponses
Votre historique - résultats
Vous n’avez pas pris ce quiz